| 000 | 00607nam a22002177a 4500 | ||
|---|---|---|---|
| 001 | 0151 | ||
| 003 | DO-SdBNP | ||
| 005 | 20151123151940.0 | ||
| 007 | 0151 | ||
| 008 | 151005b1991 pn 00| 0 spa d | ||
| 020 | _a0944499899 | ||
| 040 |
_aBPMSU _bspa _cBPMSU |
||
| 092 |
_aXXXX _bXXXX |
||
| 245 | 0 | 4 |
_aLos animales domésticos : _bcómo seleccionarlos cómo cuidarlos / _cdirección general María Eloísa Álvarez del Real |
| 260 |
_aPanamá : _bAmerica, _c1991. |
||
| 300 |
_a288 p. : _bil., retrs. _c20cm. |
||
| 521 | 1 | _aA partir de los 12 años | |
| 910 | _a202 | ||
| 942 |
_2ddc _cBK |
||
| 956 | _aYngrid Lockward | ||
| 999 |
_c8882 _d8882 |
||